000 00367nam a22001577a 4500
003 CEME
005 20210628204206.0
008 210121b xxu||||| |||| 00| 0 eng d
040 _c.
082 _a297.7 HAK
100 _aKhalid Choudhary
_969216
245 _aHakyat-e-saadi
260 _aLAHORE
_bISLAMIC PUBLICATIONS
_c2002
300 _a160P
942 _cBK
_2ddc
999 _c576584
_d576584